LIBRARY & INFORMATION CENTRE, KCAET, TAVANUR

ONLINE PUBLIC ACCESS CATALOGUE (OPAC)

Mechanics: Statics, hydrostatiscs and dynamics / (Record no. 10344)

MARC details
000 -LEADER
fixed length control field 00588cam a2200241ua 4500
041 ## - LANGUAGE CODE
Language code of text/sound track or separate title eng
082 ## - DEWEY DECIMAL CLASSIFICATION NUMBER
Classification number 531
Item number SUB/ME
100 ## - MAIN ENTRY--AUTHOR NAME
Personal name Subrahmaniam, .
245 ## - TITLE STATEMENT
Title Mechanics: Statics, hydrostatiscs and dynamics /
260 ## - PUBLICATION, DISTRIBUTION, ETC. (IMPRINT)
Place of publication Chennai :
Name of publisher S.Viswanathan ,
Year of publication 1966.
300 ## - PHYSICAL DESCRIPTION
Number of Pages 194 ; .
942 ## - ADDED ENTRY ELEMENTS (KOHA)
Koha item type Books
Holdings
Withdrawn status Lost status Damaged status Home library Current library Date acquired Full call number Accession Number Koha item type Cost, normal purchase price Public note
      KAUAET KAUAET 07/04/2012 531 SUB/ME 11556 Books    
Withdrawn     KAUAET KAUAET 07/04/2012 531 SUB/ME 11560 Books    
      KAUAET KAUAET 07/04/2012 531 SUB/ME 4840 Books    
      KAUAET KAUAET 07/04/2012 531 SUB/ME   Books    
Withdrawn     KAUAET Sanskrit University 07/04/2012 531 SUB/ME 11558 Books    
Withdrawn     KAUAET Sanskrit University 07/04/2012 531 SUB/ME 11561 Books    
Withdrawn     KAUAET Sanskrit University 07/04/2012 531 SUB/ME 7392 Books 7.00 Transferred to Sanskrit University
free website counter